[Event "4NCL 2019-20"]
[Site "Daventry"]
[Date "2020.01.11"]
[Round "3"]
[White "Sarakauskas, Gediminas"]
[Black "Thorfinnsson, Bjorn"]
[Result "1-0"]
[WhiteElo "2433"]
[BlackElo "2411"]
[Annotator "ChessBase"]
[PlyCount "81"]
[EventDate "2020.01.11"]
[EventCountry "ENG"]
[SourceTitle "playchess.com"]
[Source "ChessBase"]
[SourceQuality "1"]
[TimeControl "40/6000:3000+30"]

1. e4 {[%emt 0:00:00]} e5 {[%emt 0:00:00]} 2. Nf3 {[%emt 0:00:00]} Nc6 {[%emt 0:00:00]} 3. Bb5 {[%emt 0:00:00]} a6 {[%emt 0:00:00]} 4. Ba4 {[%emt 0:00:00]} Nf6 {[%emt 0:00:00]} 5. O-O {[%emt 0:00:00]} b5 {[%emt 0:00:00]} 6. Bb3 {[%emt 0:00:00]} Bc5 {[%emt 0:00:00]} 7. a4 {[%emt 0:00:00]} Rb8 {[%emt 0:00:00]} 8. Nxe5 {[%emt 0:00:00]} Nxe5 {[%emt 0:00:00]} 9. d4 {[%emt 0:00:00]} Bxd4 {[%emt 0:00:00]} 10. Qxd4 {[%emt 0:00:00]} d6 {[%emt 0:00:00]} 11. f4 {[%emt 0:00:00]} Nc6 {[%emt 0:01:32]} 12. Qc3 {[%emt 0:00:00]} Bb7 {[%emt 0:03:53]} 13. axb5 {[%emt 0:06:53]} axb5 {[%emt 0:00:00]} 14. e5 {[%emt 0:00:24]} Ne4 {[%emt 0:00:00]} 15. Qe3 {[%emt 0:05:06]} Ne7 {[%emt 0:00:41]} 16. Nc3 {[%emt 0:14:39]} Nxc3 {[%emt 0:07:57]} 17. Qxc3 {[%emt 0:23:06]} O-O {[%emt 0:00:15]} 18. f5 {[%emt 0:05:23]} dxe5 {[%emt 0:00:00]} 19. f6 {[%emt 0:09:55]} Ng6 {[%emt 0:00:00]} 20. Bg5 {[%emt 0:00:00]} c5 {[%emt 0:08:56]} 21. Qxc5 {[%emt 0:05:45]} h6 {[%emt 0:06:35]} 22. fxg7 {[%emt 0:00:04]} Qxg5 {[%emt 0:00:00]} 23. gxf8=Q+ {[%emt 0:00:13]} Rxf8 {[%emt 0:00:00]} 24. Bd5 {[%emt 0:08:40]} Rc8 {[%emt 0:00:00]} 25. Qxb5 {[%emt 0:00:51]} Bxd5 {[%emt 0:00:00]} 26. Qxd5 {[%emt 0:00:00]} Nf4 {[%emt 0:00:00]} 27. Qf3 {[%emt 0:05:47]} Rxc2 {[%emt 0:00:00]} 28. Rf2 {[%emt 0:00:00]} Qf5 {[%emt 0:00:00]} 29. Re1 {[%emt 0:02:46]} Rc7 {[%emt 0:03:39]} 30. Kh1 {[%emt 0:01:54]} Qg5 {[%emt 0:01:52]} 31. Qe3 {[%emt 0:00:43]} Qh5 {[%emt 0:01:16]} 32. Qe4 {[%emt 0:01:39]} Kg7 {[%emt 0:00:35]} 33. b4 {[%emt 0:00:00]} Rd7 {[%emt 0:00:00]} 34. Rf3 {[%emt 0:01:11]} Rd4 {[%emt 0:00:00]} 35. Rg3+ {[%emt 0:00:00]} Ng6 {[%emt 0:00:00]} 36. Qb1 {[%emt 0:00:00]} Qh4 {[%emt 0:01:38]} 37. b5 {[%emt 0:00:02]} Rb4 {[%emt 0:00:00]} 38. Qd3 {[%emt 0:00:00]} Rb2 {[%emt 0:00:00]} 39. Rf1 {[%emt 0:00:00]} Qb4 {[%emt 0:06:00]} 40. Rxg6+ {[%emt 0:00:38]} fxg6 {[%emt 0:00:00]} 41. Qd7+ {[%emt 0:50:07]} 1-0

[Event "4NCL 2019-20"]
[Site "Daventry"]
[Date "2020.01.11"]
[Round "3"]
[White "Thorfinnsson, Bragi"]
[Black "Zhou, Yang-Fan"]
[Result "0-1"]
[WhiteElo "2430"]
[BlackElo "2433"]
[Annotator "TA"]
[PlyCount "72"]
[EventDate "2020.01.11"]
[EventCountry "ENG"]
[SourceTitle "playchess.com"]
[Source "ChessBase"]
[SourceQuality "1"]

{[%evp 15,72,0,0,-17,-9,-8,0,-22,0,0,20,18,22,19,66,65,64,99,91,90,64,64,57,64,57,64,62,67,112,67,68,57,74,-47,-48,-45,-69,-145,-135,-152,-172,-157,-175,-573,-537,-578,-578,-571,-566,-555,-535,-623,-575,-938,-598,-857,-739,-820,-710]} 1. d4 Nf6 2. c4 g6 3. Nc3 Bg7 4. e4 d6 5. f4 O-O 6. Nf3 c5 7. d5 e6 8. dxe6 fxe6 9. Be2 {E76: King's Indian: Four Pawns Attack: Lines specific to 6 Nf3 move-order} Nc6 10. O-O b6 11. Kh1 {The position is equal.} a6 (11... Bb7 12. Be3 Qd7 13. Qd2 Ne7 14. Bd3 d5 15. e5 Ng4 16. Bg1 Bh6 {0-1 (62) Dubov,D (2660)-Pichot,A (2544) Doha 2016}) 12. a3 Kh8 $146 ({Predecessor:} 12... Bb7 13. Ng5 Nd4 14. Bd3 h6 15. Nh3 e5 16. Be3 Qd7 17. fxe5 dxe5 18. Nf2 Kh7 19. Nd5 Qd6 20. Rb1 Rae8 21. b4 Bxd5 22. cxd5 cxb4 {½-½ (22) Riedel,W (2350)-Martinovic,S (2470) Passau 1998}) 13. Rb1 Qe7 14. b4 Nh5 15. Na4 Nxf4 16. Bxf4 Rxf4 17. Nxb6 Rb8 18. Nxc8 Rxc8 19. b5 axb5 20. cxb5 Nd8 {[%cal Bc6d8,Bd8b7,Bb7d8][%mdl 32]} 21. a4 Nb7 $1 22. Qd2 Rxe4 23. Ng5 $1 {[%cal Rg5e4]} Rd4 $1 {[%cal Rd4d2]} 24. Qe3 (24. Rf7 $1 $16 Rxd2 25. Rxe7) 24... Nd8 $1 $15 {...Bh6 is the strong threat.} 25. Rf4 Ra8 {[%cal Bc8a8,Ba8a4,Ba4d4,Bd4d5][%mdl 32]} (25... Qxg5 $2 26. Rf8+ $1 {[%mdl 512]} Bxf8 27. Qxg5 $18) 26. b6 (26. Bd1 $15) 26... Raxa4 $17 ({Stronger than} 26... Rdxa4 27. b7 $1 $16 {[%mdl 512]}) 27. b7 Rxf4 ({Wrong is} 27... Nxb7 $2 28. Rf7 $18) 28. b8=Q {Black must now prevent Qxe6.} Qxg5 29. Qxd6 $2 {[#]} (29. Qc7) 29... Rad4 $1 $19 {[%cal Rd4d6] Black is clearly winning.} 30. Qc7 {[#]} Rf1+ $1 {[%mdl 576] Discovered Attack} 31. Rxf1 Qxe3 32. Qxc5 {Intending Rf8+! and mate.} h6 ({And not} 32... Qxe2 {[#]} 33. Rf8+ $1 {[%mdl 512]} Bxf8 34. Qxf8#) 33. Qb5 Kh7 34. h3 Rd5 35. Qa6 Qg3 36. Qa7 Rf5 {Accuracy: White = 41%, Black = 72%.} 0-1

[Event "4NCL 2019-20"]
[Site "Daventry"]
[Date "2020.01.11"]
[Round "3"]
[White "Greet, Andrew N"]
[Black "Ashton, Adam G"]
[Result "1-0"]
[WhiteElo "2425"]
[BlackElo "2379"]
[Annotator "ChessBase"]
[PlyCount "71"]
[EventDate "2020.01.11"]
[EventCountry "ENG"]
[SourceTitle "playchess.com"]
[Source "ChessBase"]
[SourceQuality "1"]
[TimeControl "40/6000:3000+30"]

1. d4 {[%emt 0:00:00]} d5 {[%emt 0:02:19]} 2. Nf3 {[%emt 0:00:00]} Nf6 {[%emt 0:00:00]} 3. c4 {[%emt 0:00:00]} e6 {[%emt 0:00:00]} 4. g3 {[%emt 0:00:00]} dxc4 {[%emt 0:00:50]} 5. Bg2 {[%emt 0:00:00]} a6 {[%emt 0:00:00]} 6. O-O {[%emt 0:00:00]} Nc6 {[%emt 0:00:00]} 7. e3 {[%emt 0:00:00]} Bd7 {[%emt 0:02:49]} 8. Qe2 {[%emt 0:00:00]} Bd6 {[%emt 0:00:15]} 9. Qxc4 {[%emt 0:00:00]} O-O {[%emt 0:01:13]} 10. Rd1 {[%emt 0:00:00]} Rb8 {[%emt 0:03:01]} 11. Nbd2 {[%emt 0:02:29]} Qe7 {[%emt 0:02:40]} 12. Qc2 {[%emt 0:08:28]} Nb4 {[%emt 0:03:40]} 13. Qb3 {[%emt 0:01:12]} Bc6 {[%emt 0:01:35]} 14. a3 {[%emt 0:00:46]} Bd5 {[%emt 0:14:23]} 15. Qc3 {[%emt 0:00:21]} Na2 {[%emt 0:19:29]} 16. Rxa2 {[%emt 0:10:44]} Bxa2 {[%emt 0:00:00]} 17. Qc2 {[%emt 0:01:13]} c5 {[%emt 0:09:39]} 18. dxc5 {[%emt 0:00:57]} Bxc5 {[%emt 0:00:00]} 19. b4 {[%emt 0:00:00]} Bxe3 {[%emt 0:01:43]} 20. Qxa2 {[%emt 0:00:56]} Ba7 {[%emt 0:00:30]} 21. Bb2 {[%emt 0:09:58]} Rfd8 {[%emt 0:00:54]} 22. Qb1 {[%emt 0:09:43]} a5 {[%emt 0:05:06]} 23. bxa5 {[%emt 0:03:57]} Bxf2+ {[%emt 0:18:13]} 24. Kxf2 {[%emt 0:03:39]} Ng4+ {[%emt 0:05:37]} 25. Ke2 {[%emt 0:01:17]} Qc5 {[%emt 0:02:23]} 26. Bd4 {[%emt 0:02:48]} Rxd4 {[%emt 0:00:14]} 27. Nxd4 {[%emt 0:00:00]} Qxd4 {[%emt 0:00:00]} 28. Qb6 {[%emt 0:00:00]} Qe5+ {[%emt 0:00:04]} 29. Ne4 {[%emt 0:00:00]} f5 {[%emt 0:00:40]} 30. h3 {[%emt 0:11:47]} Nf6 {[%emt 0:02:03]} 31. Qd6 {[%emt 0:01:26]} Qb5+ {[%emt 0:00:00]} 32. Kf2 {[%emt 0:05:03]} Nxe4+ {[%emt 0:00:00]} 33. Bxe4 {[%emt 0:00:00]} Re8 {[%emt 0:00:00]} 34. Bf3 {[%emt 0:02:31]} Qxa5 {[%emt 0:00:00]} 35. Rb1 {[%emt 0:03:28]} b5 {[%emt 0:00:06]} 36. Be2 {[%emt 0:04:19]} 1-0

[Event "4NCL 2019-20"]
[Site "Daventry"]
[Date "2020.01.11"]
[Round "3"]
[White "Camacho Collados, Jose"]
[Black "Mitchell, Martin"]
[Result "1-0"]
[WhiteElo "2419"]
[BlackElo "2207"]
[Annotator "TA"]
[PlyCount "47"]
[EventDate "2020.01.11"]
[EventCountry "ENG"]
[SourceTitle "playchess.com"]
[Source "ChessBase"]
[SourceQuality "1"]

{[%evp 17,47,17,19,22,39,31,93,58,98,89,87,84,288,187,302,296,438,461,537,519,747,743,739,728,909,913,979,982,936,907,1033,993]} 1. e4 d6 2. d4 Nf6 3. Nc3 g6 4. Nf3 Bg7 5. h3 O-O 6. Be3 c6 7. a4 Qc7 8. Be2 e5 9. dxe5 dxe5 10. O-O {B08: Pirc Defence: Classical System} Rd8 (10... Re8 11. Bc4 Be6 12. Qe2 Nbd7 13. Bxe6 Rxe6 14. Rfd1 Bf8 15. Qc4 Nb6 16. Qb3 Nc8 17. Rd3 Nd6 {0-1 (94) Rapport,R (2738)-Duda,J (2731) Prague 2019}) 11. Qb1 Nbd7 ({Better is} 11... b6 $14) 12. Rd1 $146 {White is better.} ({Predecessor:} 12. Qa2 Nf8 13. Rfd1 Be6 14. Qa3 h6 15. b4 Nh5 16. a5 Nf4 17. Bf1 {1-0 (25) Avetisyan,A (1989)-Glaser,M (1725) Pardubice 2018}) 12... Re8 13. a5 Bf8 14. b4 {[%cal Bb2b4,Bb4b5][%mdl 32]} c5 $2 (14... b5 $16) 15. b5 b6 {[#]} (15... c4 $142 16. Nd2 Qb8) 16. Bc4 $1 $18 bxa5 (16... h6 {is a better defense.} 17. Qb3 Re7) 17. Ng5 {White is clearly winning.} Re7 {[#]} 18. Nd5 $1 {[%cal Rd5c7]} Nxd5 19. exd5 Qd6 20. Ne4 Qb6 21. d6 Re8 22. Ng5 Kg7 23. Bxf7 Rd8 24. Bd5 1-0

[Event "4NCL 2019-20"]
[Site "Daventry"]
[Date "2020.01.11"]
[Round "3"]
[White "Harvey, Marcus R"]
[Black "Horton, Jamie A"]
[Result "1-0"]
[WhiteElo "2419"]
[BlackElo "2202"]
[Annotator "TA"]
[PlyCount "95"]
[EventDate "2020.01.11"]
[EventCountry "ENG"]
[SourceTitle "playchess.com"]
[Source "ChessBase"]
[SourceQuality "1"]

{[%evp 13,95,2,14,9,25,19,42,38,39,27,32,5,16,9,4,0,0,0,19,13,23,24,21,22,50,46,43,30,35,29,32,32,57,33,33,34,56,31,55,0,43,36,54,49,47,33,36,28,139,102,138,125,105,120,113,131,245,82,81,89,90,90,283,276,276,262,253,243,737,708,662,566,1200,795,1721,1666,12846,12845,11760,7887,29973,29969,12845,6278]} 1. Nf3 Nf6 2. c4 e6 3. e3 d5 4. b3 Be7 5. Bb2 O-O 6. Nc3 c5 7. cxd5 exd5 8. d4 {A13: English Opening: 1...e6} Nc6 9. Be2 Be6 (9... Ne4 10. dxc5 Bf6 11. Nd4 Qa5 12. Rc1 Nxc5 13. Nxc6 bxc6 14. O-O Ne4 15. Qc2 Nxc3 16. Bxc3 Bxc3 17. Qxc3 Qxa2 {½-½ (31) Duda,J (2758)-Predke,A (2676) Moscow 2019}) 10. O-O {White is slightly better.} Rc8 11. dxc5 Bxc5 12. Nb5 Ne4 13. a3 Bb6 $146 ({Predecessor:} 13... Qe7 14. b4 Bb6 15. Rc1 a5 16. bxa5 Nxa5 17. Bd4 Rxc1 18. Qxc1 Nb3 19. Qb2 Nxd4 20. Nbxd4 {0-1 (37) Forintos,G (2395)-Waller,H (2190) Zalakaros 1998}) 14. Rc1 Qe7 15. Qd3 a6 16. Nbd4 Nxd4 17. Nxd4 Rxc1 18. Rxc1 Rc8 19. Rxc8+ Bxc8 20. Nf3 Be6 21. b4 Qc7 22. Nd4 Qd7 23. Nxe6 Qxe6 24. Bf3 $40 {[%mdl 128] White is up to no good.} Qf5 25. Qc2 Qe6 26. Qd3 (26. h3 $14) 26... Qc6 27. g3 h6 28. Kg2 Qe6 29. a4 Bd8 30. b5 (30. Bd4 {is more complex.} Qf5 31. Qd1 Be7 32. h4 Qe6 33. Qe2) 30... axb5 (30... Qh3+ $11 {remains equal.} 31. Kg1 Qf5) 31. Qxb5 $16 ({Don't do} 31. axb5 $6 Bf6 $14) 31... Qc6 {[#]} 32. Qxc6 $1 bxc6 33. Bxe4 dxe4 {[%mdl 4096] Endgame KB-KB} 34. Bc3 f5 {[#]} (34... h5 $16 {was worth a try.}) 35. a5 $2 (35. g4 $1 $18 {is the precise move to win.}) 35... Kf7 36. a6 Bb6 37. g4 g6 $2 (37... fxg4 $16 {might work better.} 38. Kg3 g5) 38. gxf5 $18 gxf5 39. Be5 {Bb8 is the strong threat.} Ba7 40. Kg3 Ke6 $2 (40... c5 41. Bb2 Bb6) 41. Bg7 h5 42. Kf4 Bb8+ 43. Kg5 Ba7 44. h4 c5 45. Kxh5 f4 46. Kg5 fxe3 47. fxe3 c4 48. Kf4 {Accuracy: White = 62%, Black = 12%.} 1-0

[Event "4NCL 2019-20"]
[Site "Daventry"]
[Date "2020.01.11"]
[Round "3"]
[White "Eggleston, David J"]
[Black "Ciuksyte, Dagne"]
[Result "1-0"]
[WhiteElo "2396"]
[BlackElo "2295"]
[Annotator "ChessBase"]
[PlyCount "91"]
[EventDate "2020.01.11"]
[EventCountry "ENG"]
[SourceTitle "playchess.com"]
[Source "ChessBase"]
[SourceQuality "1"]
[TimeControl "40/6000:3000+30"]

1. e4 {[%emt 0:01:34]} c5 {[%emt 0:00:00]} 2. Nf3 {[%emt 0:00:00]} e6 {[%emt 0:00:00]} 3. d4 {[%emt 0:00:25]} cxd4 {[%emt 0:00:00]} 4. Nxd4 {[%emt 0:00:00]} a6 {[%emt 0:00:00]} 5. Nc3 {[%emt 0:00:00]} Qc7 {[%emt 0:00:00]} 6. Bd3 {[%emt 0:00:00]} Nf6 {[%emt 0:00:00]} 7. O-O {[%emt 0:00:00]} Be7 {[%emt 0:00:00]} 8. Be3 {[%emt 0:00:00]} O-O {[%emt 0:07:11]} 9. f4 {[%emt 0:01:35]} d6 {[%emt 0:00:41]} 10. Qf3 {[%emt 0:04:24]} Nc6 {[%emt 0:10:56]} 11. Rae1 {[%emt 0:06:46]} Bd7 {[%emt 0:05:51]} 12. f5 {[%emt 0:04:11]} Ne5 {[%emt 0:06:08]} 13. Qh3 {[%emt 0:03:05]} Neg4 {[%emt 0:13:59]} 14. Kh1 {[%emt 0:01:25]} Nxe3 {[%emt 0:08:21]} 15. Rxe3 {[%emt 0:00:17]} e5 {[%emt 0:03:46]} 16. Nde2 {[%emt 0:02:23]} Bc6 {[%emt 0:08:49]} 17. a4 {[%emt 0:32:05]} b5 {[%emt 0:05:47]} 18. axb5 {[%emt 0:04:13]} axb5 {[%emt 0:00:00]} 19. b4 {[%emt 0:02:17]} Rfd8 {[%emt 0:02:41]} 20. Ng3 {[%emt 0:03:06]} Qb6 {[%emt 0:01:31]} 21. Ref3 {[%emt 0:08:26]} Qd4 {[%emt 0:00:42]} 22. Bxb5 {[%emt 0:00:40]} Bxb5 {[%emt 0:01:02]} 23. Nxb5 {[%emt 0:00:00]} Qxb4 {[%emt 0:00:00]} 24. Nc3 {[%emt 0:05:16]} Rdc8 {[%emt 0:04:22]} 25. Nh5 {[%emt 0:01:56]} Kh8 {[%emt 0:06:58]} 26. Nxf6 {[%emt 0:02:41]} Bxf6 {[%emt 0:00:00]} 27. Nd5 {[%emt 0:00:30]} Qxe4 {[%emt 0:00:24]} 28. Nxf6 {[%emt 0:00:31]} gxf6 {[%emt 0:00:00]} 29. Qh6 {[%emt 0:00:00]} Rg8 {[%emt 0:00:53]} 30. Qxf6+ {[%emt 0:00:00]} Rg7 {[%emt 0:00:00]} 31. Rg3 {[%emt 0:03:07]} Rag8 {[%emt 0:00:00]} 32. Ra1 {[%emt 0:01:13]} Qc6 {[%emt 0:01:23]} 33. c4 {[%emt 0:00:29]} Qc8 {[%emt 0:01:37]} 34. c5 {[%emt 0:01:53]} Qd8 {[%emt 0:04:19]} 35. Qxd6 {[%emt 0:00:00]} Qxd6 {[%emt 0:00:00]} 36. cxd6 {[%emt 0:00:00]} Rxg3 {[%emt 0:00:00]} 37. hxg3 {[%emt 0:00:00]} Kg7 {[%emt 0:00:09]} 38. Rd1 {[%emt 0:03:34]} Kf6 {[%emt 0:01:21]} 39. g4 {[%emt 0:01:25]} h5 {[%emt 0:00:32]} 40. d7 {[%emt 0:00:00]} Rd8 {[%emt 0:00:00]} 41. gxh5 {[%emt 0:50:22]} Kxf5 {[%emt 0:49:56]} 42. Rd6 {[%emt 0:00:00]} e4 {[%emt 0:00:00]} 43. Kg1 {[%emt 0:00:00]} Ke5 {[%emt 0:00:00]} 44. Rd1 {[%emt 0:00:00]} f5 {[%emt 0:00:00]} 45. g3 {[%emt 0:00:00]} Kf6 {[%emt 0:00:00]} 46. h6 {[%emt 0:00:00]} 1-0

[Event "4NCL 2019-20"]
[Site "Daventry"]
[Date "2020.01.11"]
[Round "3"]
[White "Jackson, James P"]
[Black "Hoffmann, Hendrik"]
[Result "1-0"]
[WhiteElo "2392"]
[BlackElo "2246"]
[Annotator "ChessBase"]
[PlyCount "118"]
[EventDate "2020.01.11"]
[EventCountry "ENG"]
[SourceTitle "playchess.com"]
[Source "ChessBase"]
[SourceQuality "1"]
[TimeControl "40/6000:3000+30"]

1. e4 {[%emt 0:00:00]} e5 {[%emt 0:00:00]} 2. Nf3 {[%emt 0:00:00]} Nc6 {[%emt 0:00:00]} 3. Bb5 {[%emt 0:00:00]} f5 {[%emt 0:00:00]} 4. Nc3 {[%emt 0:00:00]} fxe4 {[%emt 0:00:00]} 5. Nxe4 {[%emt 0:00:00]} Nf6 {[%emt 0:00:00]} 6. Qe2 {[%emt 0:00:00]} d5 {[%emt 0:00:00]} 7. Nxf6+ {[%emt 0:00:00]} gxf6 {[%emt 0:00:00]} 8. d4 {[%emt 0:00:00]} Bg7 {[%emt 0:00:00]} 9. dxe5 {[%emt 0:00:03]} O-O {[%emt 0:00:00]} 10. Bxc6 {[%emt 0:00:00]} bxc6 {[%emt 0:00:00]} 11. e6 {[%emt 0:00:00]} Re8 {[%emt 0:00:00]} 12. O-O Rxe6 {[%emt 0:00:00]} 13. Qd3 {[%emt 0:00:00]} Re4 {[%emt 0:00:00]} 14. Be3 {[%emt 0:11:05]} a5 {[%emt 0:12:20]} 15. Rfe1 {[%emt 0:03:59]} Rb8 {[%emt 0:01:17]} 16. b3 {[%emt 0:01:14]} a4 {[%emt 0:04:07]} 17. Nd2 {[%emt 0:11:18]} Rg4 {[%emt 0:00:36]} 18. f3 {[%emt 0:01:04]} Rg6 {[%emt 0:00:09]} 19. Bd4 {[%emt 0:06:12]} Bh3 {[%emt 0:05:18]} 20. Re2 {[%emt 0:00:22]} Qd6 {[%emt 0:04:02]} 21. Kh1 {[%emt 0:10:54]} Bd7 {[%emt 0:01:36]} 22. Qc3 {[%emt 0:05:20]} axb3 {[%emt 0:11:20]} 23. cxb3 {[%emt 0:03:44]} f5 {[%emt 0:02:43]} 24. Bxg7 {[%emt 0:02:11]} Rxg7 {[%emt 0:08:52]} 25. Rae1 {[%emt 0:00:00]} Qb4 {[%emt 0:01:28]} 26. Qxb4 {[%emt 0:01:50]} Rxb4 {[%emt 0:00:00]} 27. Re7 {[%emt 0:00:00]} Rf7 {[%emt 0:00:00]} 28. Kg1 {[%emt 0:02:31]} Rd4 {[%emt 0:04:23]} 29. Nb1 {[%emt 0:04:21]} f4 {[%emt 0:03:04]} 30. Nc3 {[%emt 0:02:07]} c5 {[%emt 0:08:08]} 31. Rxf7 {[%emt 0:14:53]} Kxf7 {[%emt 0:00:00]} 32. Ne2 {[%emt 0:00:00]} Rd2 {[%emt 0:00:13]} 33. Nxf4 {[%emt 0:01:02]} Rxa2 {[%emt 0:04:18]} 34. Nxd5 {[%emt 0:00:16]} Be6 {[%emt 0:00:01]} 35. Re5 {[%emt 0:00:27]} Rc2 {[%emt 0:01:50]} 36. Nxc7 {[%emt 0:06:24]} Bxb3 {[%emt 0:00:00]} 37. Nb5 {[%emt 0:00:00]} c4 {[%emt 0:04:36]} 38. Re3 {[%emt 0:00:00]} Rd2 {[%emt 0:01:23]} 39. Nc3 {[%emt 0:03:01]} Rc2 {[%emt 0:07:15]} 40. h4 {[%emt 0:00:21]} Rc1+ {[%emt 0:00:01]} 41. Kf2 {[%emt 0:05:42]} Rc2+ {[%emt 0:05:03]} 42. Kg3 {[%emt 0:01:16]} Rd2 {[%emt 0:04:53]} 43. Ne4 {[%emt 0:03:29]} Rb2 {[%emt 0:01:00]} 44. Nc3 {[%emt 0:13:47]} Rd2 {[%emt 0:00:34]} 45. h5 {[%emt 0:01:34]} Bc2 {[%emt 0:01:02]} 46. Re2 {[%emt 0:01:15]} Rxe2 {[%emt 0:04:40]} 47. Nxe2 {[%emt 0:00:02]} Bd3 {[%emt 0:00:45]} 48. Nc3 {[%emt 0:00:06]} Kf6 {[%emt 0:00:12]} 49. Kf4 {[%emt 0:00:07]} h6 {[%emt 0:01:36]} 50. Ne4+ {[%emt 0:05:55]} Kf7 {[%emt 0:00:55]} 51. g4 {[%emt 0:00:27]} Kg7 {[%emt 0:01:45]} 52. Ke3 {[%emt 0:02:13]} Bc2 {[%emt 0:14:07]} 53. Nf2 {[%emt 0:02:35]} c3 {[%emt 0:02:33]} 54. Ne4 {[%emt 0:00:23]} Bxe4 {[%emt 0:00:11]} 55. fxe4 {[%emt 0:00:00]} Kf6 {[%emt 0:00:12]} 56. Kd3 {[%emt 0:00:00]} Ke5 {[%emt 0:00:37]} 57. g5 {[%emt 0:00:46]} hxg5 {[%emt 0:01:40]} 58. h6 {[%emt 0:00:05]} Kf6 {[%emt 0:02:40]} 59. e5+ {[%emt 0:00:05]} Kg6 {[%emt 0:00:19]} 1-0

[Event "4NCL 2019-20"]
[Site "Daventry"]
[Date "2020.01.11"]
[Round "3"]
[White "Milliet, Sophie"]
[Black "Arkell, Keith C"]
[Result "0-1"]
[WhiteElo "2390"]
[BlackElo "2460"]
[Annotator "ChessBase"]
[PlyCount "114"]
[EventDate "2020.01.11"]
[EventCountry "ENG"]
[SourceTitle "playchess.com"]
[Source "ChessBase"]
[SourceQuality "1"]
[TimeControl "40/6000:3000+30"]

1. e4 {[%emt 0:01:24]} d5 {[%emt 0:00:00]} 2. exd5 {[%emt 0:00:00]} Qxd5 {[%emt 0:00:00]} 3. Nc3 {[%emt 0:00:00]} Qd8 {[%emt 0:00:00]} 4. d4 {[%emt 0:00:00]} Nf6 {[%emt 0:00:00]} 5. Bc4 {[%emt 0:00:00]} c6 {[%emt 0:00:00]} 6. Nf3 {[%emt 0:00:04]} Bf5 {[%emt 0:00:00]} 7. Ne5 {[%emt 0:03:33]} e6 {[%emt 0:00:00]} 8. g4 {[%emt 0:06:14]} Bg6 {[%emt 0:00:00]} 9. h4 {[%emt 0:00:18]} Nbd7 {[%emt 0:00:00]} 10. Qe2 {[%emt 0:10:04]} Bb4 {[%emt 0:00:00]} 11. Rh3 {[%emt 0:02:35]} Nb6 {[%emt 0:27:53]} 12. h5 {[%emt 0:25:01]} Be4 {[%emt 0:09:17]} 13. Bf4 {[%emt 0:05:57]} Nxc4 {[%emt 0:09:45]} 14. Nxc4 {[%emt 0:00:34]} Bg2 {[%emt 0:02:49]} 15. Rd3 {[%emt 0:05:02]} Bd5 {[%emt 0:01:03]} 16. Ne5 {[%emt 0:01:18]} Ne4 {[%emt 0:03:43]} 17. Bd2 {[%emt 0:07:42]} Qh4 {[%emt 0:08:47]} 18. Qf3 {[%emt 0:11:36]} Nd6 {[%emt 0:10:00]} 19. Nxd5 {[%emt 0:02:31]} Bxd2+ {[%emt 0:00:00]} 20. Rxd2 {[%emt 0:00:00]} cxd5 {[%emt 0:00:24]} 21. O-O-O {[%emt 0:00:00]} Qg5 {[%emt 0:03:59]} 22. Qa3 {[%emt 0:07:48]} Rd8 {[%emt 0:01:37]} 23. Qa4+ {[%emt 0:04:13]} b5 {[%emt 0:01:07]} 24. Qxa7 {[%emt 0:00:00]} O-O {[%emt 0:00:00]} 25. Kb1 {[%emt 0:00:00]} Nc4 {[%emt 0:06:29]} 26. Re2 {[%emt 0:00:35]} Nxe5 {[%emt 0:01:48]} 27. Rxe5 {[%emt 0:00:00]} Qxg4 {[%emt 0:00:00]} 28. Rde1 {[%emt 0:00:00]} Ra8 {[%emt 0:00:16]} 29. Qe7 {[%emt 0:00:02]} h6 {[%emt 0:02:06]} 30. Qb4 {[%emt 0:02:24]} Ra4 {[%emt 0:03:35]} 31. Qxb5 {[%emt 0:00:00]} Qxd4 {[%emt 0:00:00]} 32. a3 {[%emt 0:00:13]} Rc4 {[%emt 0:00:50]} 33. R5e2 {[%emt 0:00:02]} Qa7 {[%emt 0:01:39]} 34. Qb3 {[%emt 0:00:03]} Rb8 {[%emt 0:00:00]} 35. Qg3 {[%emt 0:00:00]} Rc7 {[%emt 0:01:04]} 36. Rg1 {[%emt 0:00:00]} Qd4 {[%emt 0:00:00]} 37. c3 {[%emt 0:00:00]} Qxc3 {[%emt 0:00:00]} 38. Qxc3 {[%emt 0:00:07]} Rxc3 {[%emt 0:00:00]} 39. f4 {[%emt 0:00:00]} Rxa3 {[%emt 0:00:08]} 40. Reg2 {[%emt 0:00:00]} g6 {[%emt 0:00:00]} 41. hxg6 {[%emt 0:49:37]} f6 {[%emt 0:05:58]} 42. g7 {[%emt 0:00:00]} Rab3 {[%emt 0:05:09]} 43. Rh1 {[%emt 0:00:00]} R8b7 {[%emt 0:04:56]} 44. Rxh6 {[%emt 0:00:00]} Rxg7 {[%emt 0:00:08]} 45. Rc2 {[%emt 0:00:00]} Rg1+ {[%emt 0:15:09]} 46. Ka2 {[%emt 0:00:00]} Rb6 {[%emt 0:00:07]} 47. Rc8+ {[%emt 0:00:00]} Kg7 {[%emt 0:00:05]} 48. Rhh8 {[%emt 0:00:06]} Rf1 {[%emt 0:03:17]} 49. Rcg8+ {[%emt 0:02:29]} Kf7 {[%emt 0:00:02]} 50. Rg2 {[%emt 0:01:09]} Ke7 {[%emt 0:00:26]} 51. Rh4 {[%emt 0:02:17]} Kd6 {[%emt 0:01:02]} 52. b3 {[%emt 0:00:30]} Rf3 {[%emt 0:02:28]} 53. Rg6 {[%emt 0:00:23]} Rf2+ {[%emt 0:00:33]} 54. Ka3 {[%emt 0:00:13]} Kc5 {[%emt 0:00:34]} 55. b4+ {[%emt 0:00:33]} Kc4 {[%emt 0:00:51]} 56. b5 {[%emt 0:00:51]} Rxb5 {[%emt 0:00:22]} 57. f5+ {[%emt 0:00:06]} d4 {[%emt 0:00:12]} 0-1

[Event "4NCL 2019-20"]
[Site "Daventry"]
[Date "2020.01.11"]
[Round "3"]
[White "Horton, Andrew P"]
[Black "Haria, Ravi"]
[Result "1/2-1/2"]
[WhiteElo "2380"]
[BlackElo "2450"]
[Annotator "TA"]
[PlyCount "61"]
[EventDate "2020.01.11"]
[EventCountry "ENG"]
[SourceTitle "playchess.com"]
[Source "ChessBase"]
[SourceQuality "1"]

{[%evp 14,61,6,8,33,9,4,3,15,0,0,0,0,0,0,0,-5,-35,-17,-17,-17,-17,-27,-20,-11,-10,-10,-10,-11,-8,-6,-4,4,12,46,46,40,45,108,2,8,8,4,0,0,0,0,0,0,0]} 1. Nf3 d5 2. c4 e6 3. g3 Nf6 4. Bg2 d4 5. O-O c5 6. e3 Nc6 7. exd4 cxd4 8. d3 h6 {A13: English Opening: 1...e6} 9. Na3 Bxa3 10. bxa3 O-O $1 11. Re1 Re8 12. Ne5 $146 ({Predecessor:} 12. Bf4 Nd7 13. Bd6 Nb6 14. c5 Nd5 15. Qa4 Bd7 16. Nxd4 Nxd4 17. Qxd4 {1-0 (52) Alekseev,E (2645)-Kardashevskiy,E (2429) Yaroslavl 2019}) 12... Nxe5 13. Rxe5 Nd7 14. Re1 Nc5 15. Bf4 f6 16. Qh5 Nxd3 {[#]} 17. Bc7 $1 {[%mdl 512]} Qd7 (17... Qxc7 18. Qxe8+) 18. Red1 Rf8 {White must now prevent ...Nxf2.} 19. Rxd3 {Hoping for Ba5.} Qxc7 20. Rxd4 Bd7 21. Rb1 Rab8 22. Qd1 Bc6 23. Bxc6 bxc6 24. Rxb8 Rxb8 $11 {[%mdl 4096] Endgame KQR-KQR} 25. Rd7 Rb1 (25... Qe5 $14) 26. Rxc7 (26. Rxg7+ $1 $16 Kxg7 27. Qxb1) 26... Rxd1+ {The position is equal.} 27. Kg2 Rd3 28. Rxc6 Rxa3 29. Rxe6 Rxa2 30. Re7 Rc2 31. Rxa7 {Accuracy: White = 61%, Black = 74%.} 1/2-1/2